000 00297pab a2200121 454500
008 180718b xxu||||| |||| 00| 0 eng d
100 _aParameswaran T.V.
245 _aPolitical economic liberalism
362 _a27 Oct 93, p.4
650 _aEconomic Development
773 _aPatriot
909 _a25795
999 _c25795
_d25795